Sācī prīti : (Record no. 75016)

MARC details
000 -LEADER
fixed length control field 01061cam a2200229 i 4500
001 - CONTROL NUMBER
control field sa 67005170
003 - CONTROL NUMBER IDENTIFIER
control field DLC
005 - DATE AND TIME OF LATEST TRANSACTION
control field 20260227112354.0
008 - FIXED-LENGTH DATA ELEMENTS--GENERAL INFORMATION
fixed length control field 850201s1967 ii 00010 pano
010 ## - LIBRARY OF CONGRESS CONTROL NUMBER
LC control number sa 67005170 //r85
050 0# - LIBRARY OF CONGRESS CALL NUMBER
Classification number PK6495.N26
Item number S2 1967
100 00 - MAIN ENTRY--PERSONAL NAME
Personal name Nanda Lāla,
Dates associated with a name 1633-1705.
245 10 - TITLE STATEMENT
Title Sācī prīti :
Remainder of title g̲h̲azalāṃ Bhāī Nanda Lāla Jī, saṭīka ate Dasawīṃ Pātashāhī, "Gañja-Nāmā" coṃ saṭīka : shabadāratha, aratha, bhāwāratha ate wiākhiā sameta /
Statement of responsibility, etc. anuwādaka Haribhajana Siṅgha, kāwi rūpa wica anuwādaka Widhātā Siṅgha "Tīra".
260 0# - PUBLICATION, DISTRIBUTION, ETC.
Place of publication, distribution, etc. Ammritasara :
Name of publisher, distributor, etc. Siṅgha Bradaraza,
Date of publication, distribution, etc. [1967]
300 ## - PHYSICAL DESCRIPTION
Extent 352, 40 p. ;
Dimensions 18 cm.
500 ## - GENERAL NOTE
General note Added t.p.: Dīvān-i gūyā, va Salt̤anat-i dahum az ganjnāmah.
500 ## - GENERAL NOTE
General note "Dīvān-i gūyā, va Salt̤anat-i dahum az ganjnāmah" : p. 1-40 (2nd group)
500 ## - GENERAL NOTE
General note Panjabi and Persian; introductory matter and commentary in Panjabi.
700 10 - ADDED ENTRY--PERSONAL NAME
Personal name Singh, Haribhajan,
Dates associated with a name 1909-
700 10 - ADDED ENTRY--PERSONAL NAME
Personal name Siṅgha, Widhātā,
Dates associated with a name 1901-
740 01 - ADDED ENTRY--UNCONTROLLED RELATED/ANALYTICAL TITLE
Uncontrolled related/analytical title Dīvān-i gūyā.

No items available.

Powered by Koha